<?xml version="1.0" encoding="UTF-8"?>
<record
    xmlns:xsi="http://www.w3.org/2001/XMLSchema-instance"
    xsi:schemaLocation="http://www.loc.gov/MARC21/slim http://www.loc.gov/standards/marcxml/schema/MARC21slim.xsd"
    xmlns="http://www.loc.gov/MARC21/slim">

  <leader>01918nab a2200229 i 4500</leader>
  <controlfield tag="001">BPP</controlfield>
  <controlfield tag="003">BPK</controlfield>
  <controlfield tag="005">20160412114503.0</controlfield>
  <controlfield tag="008">140320s2009    pl     f     |000 0 pol</controlfield>
  <datafield tag="040" ind1=" " ind2=" ">
    <subfield code="c">BPK</subfield>
  </datafield>
  <datafield tag="080" ind1=" " ind2=" ">
    <subfield code="a">621.51/.54</subfield>
  </datafield>
  <datafield tag="100" ind1=" " ind2=" ">
    <subfield code="a">BOHDAL, Tadeusz.</subfield>
    <subfield code="d">1996 -  .</subfield>
    <subfield code="b">Politechnika Koszali&#x144;ska - Wydzia&#x142; Mechaniczny,</subfield>
    <subfield code="c">Katedra Techniki Cieplnej i Ch&#x142;odnictwa</subfield>
  </datafield>
  <datafield tag="245" ind1=" " ind2=" ">
    <subfield code="a">Projektowanie, monta&#x17C; i eksploatacja parowych spr&#x119;&#x17C;arkowych urz&#x105;dze&#x144; ch&#x142;odniczych.</subfield>
    <subfield code="n">Cz. 2,</subfield>
    <subfield code="p">Wybrane przyk&#x142;ady b&#x142;&#x119;d&#xF3;w w rozwi&#x105;zaniach /</subfield>
    <subfield code="c">Tadeusz Bohdal, Henryk Charun, S&#x142;awomir Hirny, Dariusz Sulima, Beata &#x17B;yder-Kowalik.</subfield>
  </datafield>
  <datafield tag="260" ind1=" " ind2=" ">
    <subfield code="c">2009.</subfield>
  </datafield>
  <datafield tag="500" ind1=" " ind2=" ">
    <subfield code="a">Dane z autopsji.</subfield>
  </datafield>
  <datafield tag="520" ind1=" " ind2=" ">
    <subfield code="a">Przedstawione problemy dotycz&#x105; projektowania, monta&#x17C;u i eksploatacji parowych, spr&#x119;&#x17C;arkowych urz&#x105;dze&#x144; ch&#x142;odniczych. W cz&#x119;&#x15B;ci 1 podano aktualne wymagania i stan faktyczny krajowego ch&#x142;odnictwa spr&#x119;&#x17C;arkowego w tym zakresie. Zwr&#xF3;cono uwag&#x119;, &#x17C;e przej&#x15B;cie od obecnego stanu projektowania urz&#x105;dze&#x144; ch&#x142;odniczych do ekoprojektowania powinno nast&#x119;powa&#x107; ewolucyjnie, z uwzgl&#x119;dnieniem przyczyn wewn&#x119;trznych i zewn&#x119;trznych dzisiejszego stanu. W kolejnej cz&#x119;&#x15B;ci przedstawione zostan&#x105; wybrane przyk&#x142;ady b&#x142;&#x119;d&#xF3;w w rozwi&#x105;zaniach projektowych i monta&#x17C;owo-eksploatacyjnych. Dotycz&#x105; one takich problem&#xF3;w, jak : dopasowanie mocy ch&#x142;odniczej do chwilowej zmiany obci&#x105;&#x17C;enia cieplnego obiektu ch&#x142;odzonego, odolejenie instalacji, obci&#x105;&#x17C;enie spr&#x119;&#x17C;arek podczas ich rozruchu, dob&#xF3;r &#x15B;rednic ruroci&#x105;g&#xF3;w ch&#x142;odniczych, instalacji elektrycznych oraz nieracjonalnego poj&#x119;cia oszcz&#x119;dzania.</subfield>
  </datafield>
  <datafield tag="650" ind1=" " ind2="0">
    <subfield code="a">Spr&#x119;&#x17C;arki ch&#x142;odnicze.</subfield>
  </datafield>
  <datafield tag="650" ind1=" " ind2="0">
    <subfield code="a">Ch&#x142;odnictwo - urz&#x105;dzenia.</subfield>
  </datafield>
  <datafield tag="700" ind1=" " ind2=" ">
    <subfield code="a">CHARUN, Henryk.</subfield>
    <subfield code="d">1996 - .</subfield>
    <subfield code="b">Politechnika Koszali&#x144;ska - Wydzia&#x142; Mechaniczny,</subfield>
    <subfield code="c">Katedra Techniki Cieplnej i Ch&#x142;odnictwa</subfield>
  </datafield>
  <datafield tag="773" ind1=" " ind2=" ">
    <subfield code="i">W :</subfield>
    <subfield code="t">Ch&#x142;odnictwo i klimatyzacja. -</subfield>
    <subfield code="g">2009, nr 1-2(127), s. 39-45</subfield>
  </datafield>
  <datafield tag="942" ind1=" " ind2=" ">
    <subfield code="c">ART</subfield>
    <subfield code="2">UKD</subfield>
  </datafield>
  <datafield tag="999" ind1=" " ind2=" ">
    <subfield code="c">2600</subfield>
    <subfield code="d">2600</subfield>
  </datafield>
  <datafield tag="952" ind1=" " ind2=" ">
    <subfield code="0">0</subfield>
    <subfield code="1">0</subfield>
    <subfield code="4">0</subfield>
    <subfield code="7">0</subfield>
    <subfield code="a">BPK</subfield>
    <subfield code="b">BPK</subfield>
    <subfield code="o">0967</subfield>
    <subfield code="y">ART</subfield>
  </datafield>
</record>
